Krajina tieňov
Romantický príbeh dvoch ľudí, ktorí našli lásku v období, keď ju najmenej čakali
| Main Author: | |
|---|---|
| Other Authors: | |
| Format: | CD Audio |
| Language: | Slovak English |
| PhysicalDescription: | 1 elektronický optický disk (CD-ROM) digitál., MP3 12 cm |
| Published: |
V Levoči
Slovenská knižnica pre nevidiacich Mateja Hrebendu
2018
|
| ISBN: | 9788018077320 (CDROM) |
| Subjects: |
MARC
| LEADER | 00000cim a2200000 a 4500 | ||
|---|---|---|---|
| 001 | vtls011829380 | ||
| 003 | SK-MaSNL | ||
| 005 | 20260301223739.0 | ||
| 007 | sd fungnnmmned | ||
| 008 | 181212s2018 xo nnnnfs f n slo | ||
| 015 | |a SNBJ2019 | ||
| 020 | |a 9788018077320 (CDROM) | ||
| 040 | |a SNK |b slo |c SNK |e AACR2 | ||
| 041 | 1 | |d slo |h eng | |
| 044 | |a xo |c SK | ||
| 072 | 7 | |a 821.111-3 |x Anglická próza, anglicky písaná |2 konspekt | |
| 080 | |a 821.111(73)-31 |2 2011 | ||
| 080 | |a (086.76) |2 2011 | ||
| 100 | 1 | |a Fleischer, Leonore, |d 1932-2009 |4 aut |9 243490 | |
| 245 | 1 | 0 | |a Krajina tieňov |h elektronický zdroj |c Leonore Fleischerová ; číta: Nora Selecká |
| 260 | |a V Levoči |b Slovenská knižnica pre nevidiacich Mateja Hrebendu |c 2018 | ||
| 300 | |a 1 elektronický optický disk (CD-ROM) |b digitál., MP3 |c 12 cm | ||
| 306 | |a 073000 | ||
| 520 | 8 | |a Romantický príbeh dvoch ľudí, ktorí našli lásku v období, keď ju najmenej čakali | |
| 521 | |a Pre nevidiacich, slabozrakých a inak zdravotne postihnutých | ||
| 655 | 7 | |a zvukové záznamy |2 SNKPH |9 70720 | |
| 655 | 7 | |a americké romány |2 SNKPH |9 1174 | |
| 655 | 7 | |a CD-ROM |2 SNKPH |9 70236 | |
| 700 | 1 | |a Selecká, Nora, |d 1930-2016 |4 nrt |9 203475 | |
| 752 | |a Slovensko |d Levoča | ||
| 919 | |a 978-80-18-07732-0 | ||
| 958 | |a SX | ||
| 958 | |a LX | ||
| 958 | |a UP | ||
| 999 | |c 944751 |d 946681 | ||
| 952 | |a SNK |b SNK |y PREZ |7 0 |p 17A1371834 |o snkSCD 4969 |i snk2019/13424 |8 0 |0 0 |1 0 |4 0 |d 2019-05-15 |l 0 |r 2026-02-24 09:30:14 |w 2026-02-24 | ||


